| 000 | 00767nam a22002297a 4500 | ||
|---|---|---|---|
| 005 | 20170124110036.0 | ||
| 010 | _aA-935520 | ||
| 020 |
_c00.00 _a8185402965 |
||
| 035 | _aA-935520 | ||
| 037 | _bCen Lib/Ret | ||
| 040 |
_aDPL _bEN |
||
| 082 |
_a370.115 _bEHS |
||
| 100 |
_aEhsanul Haq _922695 |
||
| 245 |
_aEducation, polity and society : _cby Ehsanul Haq _b a study of education and democratic consciousness / |
||
| 260 |
_aDelhi _bShipra Publications _c1997 |
||
| 270 |
_a115A, Vikas Marg, Shakarpur _bDelhi _e110092 |
||
| 300 |
_a184p. _c22cm(Hb) |
||
| 500 | _aIncludes bibliographical references and index | ||
| 650 |
_aEducation--Aims and objectives _914531 |
||
| 650 |
_aEducation--Social aspects _98711 |
||
| 942 |
_2ddc _cEN _h370.115 _mEHS |
||
| 999 |
_c128203 _d128203 |
||